000 00378nam a2200133Ia 4500
005 20260328104246.0
008 260328s9999||||xx |||||||||||||| ||und||
100 _aPérez Carmona, Rafael
245 0 _aDiseño de Redes hidraulicas y desagues /
_cRafael Pérez Carmona
260 _bUniversidad Católica de Colombia
300 _a159 p.
650 _aARQUITECTURA
942 _cBK
999 _c10089
_d10089